Public Finance in Theory and Practice (Record no. 22237)
[ view plain ]
| 000 -LEADER | |
|---|---|
| fixed length control field | 00347nam a22001457a 4500 |
| 020 ## - INTERNATIONAL STANDARD BOOK NUMBER | |
| ISBN | 978-81-219-1103-0 |
| 082 ## - DEWEY DECIMAL CLASSIFICATION NUMBER | |
| Classification number | 336 |
| 100 ## - MAIN ENTRY--AUTHOR NAME | |
| Personal name | Singh, S. K. |
| 245 ## - TITLE STATEMENT | |
| Title | Public Finance in Theory and Practice |
| 250 ## - EDITION STATEMENT | |
| Edition statement | 9th |
| 260 ## - PUBLICATION, DISTRIBUTION, ETC. (IMPRINT) | |
| Place of publication | New Delhi: |
| Name of publisher | S. Chand, |
| Year of publication | 2025 |
| 300 ## - PHYSICAL DESCRIPTION | |
| Number of Pages | xiv, 736p.: |
| Other physical details | ill.; 24cm |
| 500 ## - GENERAL NOTE | |
| General note | Include, Index. |
| 942 ## - ADDED ENTRY ELEMENTS (KOHA) | |
| Koha item type | Books |
| Withdrawn status | Lost status | Damaged status | Not for loan | Collection code | Permanent Location | Current Location | Shelving location | Date acquired | Source of acquisition | Full call number | Accession Number | Price effective from | Koha item type |
|---|---|---|---|---|---|---|---|---|---|---|---|---|---|
| Non-fiction | IFM Main Campus Library | IFM Main Campus Library | Work Room processing | 04/16/2026 | Purchase | 336 SIN | 0000031007 | 04/16/2026 | Books | ||||
| Non-fiction | IFM Main Campus Library | IFM Main Campus Library | Work Room processing | 04/16/2026 | Purchase | 336 SIN | 0000031008 | 04/16/2026 | Books | ||||
| Non-fiction | IFM Main Campus Library | IFM Main Campus Library | Work Room processing | 04/16/2026 | Purchase | 336 SIN | 0000031009 | 04/16/2026 | Books | ||||
| Non-fiction | IFM Main Campus Library | IFM Main Campus Library | Work Room processing | 04/16/2026 | Purchase | 336 SIN | 0000031010 | 04/16/2026 | Books | ||||
| Non-fiction | IFM Main Campus Library | IFM Main Campus Library | Work Room processing | 04/16/2026 | Purchase | 336 SIN | 0000031011 | 04/16/2026 | Books |
